Amino Acids - Statistiken

Allgemein
  • Dieses Quiz wurde 59 mal gespielt
  • Das Durchschnittsergebnis liegt bei 16 aus 20
Antwortstatistiken
Bildquiz Antwort % Korrekt
Alanine
93%
Glycine
93%
Cysteine
87%
Methionine
87%
Phenylalanine
87%
Proline
87%
Serine
87%
Lysine
80%
Threonine
80%
Tryptophan
80%
Tyrosine
80%
Arginine
73%
Glutamine
73%
Histidine
73%
Isoleucine
73%
Leucine
73%
Aspartate
67%
Valine
67%
Asparagine
60%
Glutamate
60%
Keine übereinstimmenden Quizze gefunden
Verteilung der Resultate
Anzahl Personen mit jedem Resultat
Perzentil nach korrekt beantworteten Fragen
Ihre Resultats-Entwicklung
Sie haben dieses Quiz noch nicht gespielt